| 000 | 00340nam a2200121Ia 4500 | ||
|---|---|---|---|
| 008 | 190216s9999||||xx |||||||||||||| ||und|| | ||
| 100 | _aTheraja B L
 Theraja A K | ||
| 245 | 2 | _aA Text Book Of Electrical Technology Volume Ii (a C And D C Machines.) | |
| 260 |
_bS Chand & Co _c1998 |
||
| 300 | _a1327 | ||
| 650 | _aPhysics | ||
| 942 | _cBK | ||
| 999 |
_c33104 _d33104 |
||